Population and Reproductive Rights: (Record no. 5955)
[ view plain ]
| 000 -LEADER | |
|---|---|
| fixed length control field | 00745cam a2200253 a 4500 |
| 001 - CONTROL NUMBER | |
| control field | 3488127 |
| 005 - DATE AND TIME OF LATEST TRANSACTION | |
| control field | 20250122001201.0 |
| 008 - FIXED-LENGTH DATA ELEMENTS--GENERAL INFORMATION | |
| fixed length control field | 940826s1994 enk b 001 0 eng |
| 020 ## - INTERNATIONAL STANDARD BOOK NUMBER | |
| ISBN | 1856492834 : |
| 020 ## - INTERNATIONAL STANDARD BOOK NUMBER | |
| ISBN | 1856492842 (pbk.) : |
| 020 ## - INTERNATIONAL STANDARD BOOK NUMBER | |
| ISBN | 8185107912 (New Delhi) |
| 040 ## - CATALOGING SOURCE (பட்டியலாக்க மூலம்) | |
| Original cataloging agency | DLC |
| Transcribing agency | DLC |
| Modifying agency | DLC |
| 082 00 - DDC Classification | |
| Class No. | 305.4 |
| DDC Edition Number | 6895 |
| Item Number - Author Mark | COR |
| 100 1# - MAIN ENTRY--PERSONAL NAME | |
| Personal name | Corrêa, S |
| 245 10 - TITLE STATEMENT | |
| Title | Population and Reproductive Rights: |
| Remainder of title | Feminist Perspectives from the South |
| 260 ## - PUBLICATION, DISTRIBUTION, ETC. | |
| Place of publication, distribution, etc. | London |
| -- | New Jersey |
| Name of publisher, distributor, etc. | Zed Books; |
| Place of publication, distribution, etc. | New Delhi |
| Name of publisher, distributor, etc. | Kali for Women in association with DAWN |
| Date of publication, distribution, etc. | 1994 |
| 300 ## - PHYSICAL DESCRIPTION | |
| Extent (e.g. Volumes, Pages etc.) | xiii, 136 p., |
| 650 #0 - SUBJECT ADDED ENTRY--TOPICAL TERM | |
| Topical term or geographic name entry element | Birth control |
| 650 #0 - SUBJECT ADDED ENTRY--TOPICAL TERM | |
| Topical term or geographic name entry element | Human reproduction |
| 650 #0 - SUBJECT ADDED ENTRY--TOPICAL TERM | |
| Topical term or geographic name entry element | Abortion |
| 650 #0 - SUBJECT ADDED ENTRY--TOPICAL TERM | |
| Topical term or geographic name entry element | Fertility |
| 650 #0 - SUBJECT ADDED ENTRY--TOPICAL TERM | |
| Topical term or geographic name entry element | Reproductive Rights |
| 942 ## - Koha item type (Biblio) | |
| Koha item type | Books in Stacks (Lending) |
| Lost status | Damaged status | Collection code | Home library | Current library | Date acquired | Full call number | Accession Number | Item type |
|---|---|---|---|---|---|---|---|---|
| Lending | WERC Library | WERC Library | 01/22/2025 | 305.4 COR | 6895 | Books in Stacks (Lending) |
